LEADER 01307oam 2200421zu 450 001 9910873492803321 005 20241212220320.0 035 $a(CKB)3280000000025778 035 $a(SSID)ssj0001035101 035 $a(PQKBManifestationID)12490664 035 $a(PQKBTitleCode)TC0001035101 035 $a(PQKBWorkID)11027988 035 $a(PQKB)11483762 035 $a(NjHacI)993280000000025778 035 $a(EXLCZ)993280000000025778 100 $a20160829d2012 uy 101 0 $aeng 135 $aur||||||||||| 181 $ctxt 182 $cc 183 $acr 200 10$a2012 IEEE/WIC/ACM International Joint Conferences on Web Intelligence (WI) and Intelligent Agent Technologies (IAT 210 31$a[Place of publication not identified]$cIEEE$d2012 215 $a1 online resource (xxxi, 410 pages) $cillustrations 300 $aBibliographic Level Mode of Issuance: Monograph 311 08$a9781467360579 311 08$a1467360570 606 $aIntelligent agents (Computer software)$vCongresses 615 0$aIntelligent agents (Computer software) 676 $a006.3 702 $aLi$b Yuefcng 702 $aZhang$b Yanqing 702 $aZhong$b Ning 801 0$bPQKB 906 $aPROCEEDING 912 $a9910873492803321 996 $a2012 IEEE$92494644 997 $aUNINA LEADER 03868nam 2200745 a 450 001 9910815904803321 005 20241120174758.0 010 $a9781782680703 010 $a1782680705 010 $a9781283892865 010 $a1283892863 010 $a9781606492420 010 $a160649242X 024 7 $a10.4128/9781606492420 035 $a(CKB)2670000000146812 035 $a(CaPaEBR)ebrary10504208 035 $a(SSID)ssj0000621193 035 $a(PQKBManifestationID)11369086 035 $a(PQKBTitleCode)TC0000621193 035 $a(PQKBWorkID)10616427 035 $a(PQKB)11076633 035 $a(OCoLC)767701983 035 $a(CaBNVSL)swl00400056 035 $a(Au-PeEL)EBL876629 035 $a(CaPaEBR)ebr10504208 035 $a(CaONFJC)MIL420536 035 $a(CaSebORM)9781606492413 035 $a(MiAaPQ)EBC876629 035 $a(Perlego)402648 035 $a(ScCtBLL)86c43468-533d-4f1a-88ec-fb7c8efdd7b9 035 $a(OCoLC)1000336470 035 $a(EXLCZ)992670000000146812 071 53$a2$bBEP 100 $a20111028d2012 fy 0 101 0 $aeng 135 $aurcn||||m|||a 181 $ctxt 182 $cc 183 $acr 200 10$aDeveloping new products and services $elearning, differentiation, and innovation /$fG. Lawrence Sanders ; with contributions by Ron Huefner ... [et al.] 205 $a1st ed. 210 $a[New York, N.Y.] (222 East 46th Street, New York, NY 10017) $cBusiness Expert Press$dc2012 215 $a1 online resource (363 p.) 225 1 $aMarketing research collection 300 $a"For PowerPoint slides and other supplemental materials that accompany this book, please visit www.glsanders.wordpress.com." 311 08$a9781606492413 311 08$a1606492411 320 $aIncludes bibliographical references (p. 327-335) and index. 327 $aPreface -- Acknowledgments -- 1. Understanding entrepreneurship, diffusion, and R&D in the context of monopolistic competition -- 2. Fundamental concepts of product and price differentiation -- 3. Differentiation in action -- 4. The role of dynamic tension in constructing versioning and product differentiation curves -- 5. Examples of product differentiation and versioning curves -- 6. Facilitating creativity and innovation -- 7. Conceptualizing products and services using the FAD template -- 8. Strategic planning approaches for product differentiation and innovation -- 9. The ten-ten planning process: crafting a business story -- 10. Lock-in and revenue growth -- 11. Valuing the business -- 12. Developing a business plan -- 13. Project management for new product and services development -- 14. Re-priming the business using real options concepts -- 15. Wrap-up -- Notes -- References -- Index. 330 3 $aThe focus of the book is on the up-front activities and ideas for new product and service development. A central theme of this book is that there is, or should be, a constant struggle going on in every organization, business, and system between delivering feature-rich versions of products and services using extravagant engineering and delivering low-cost versions of products and services using frugal engineering. Delivering innovative products is accomplished by an endless cycle of business planning, creative and innovative insight, and learning-about and learning-by-doing activities. 410 0$aMarketing research collection. 606 $aNew products 606 $aProduct differentiation 615 0$aNew products. 615 0$aProduct differentiation. 676 $a658.575 700 $aSanders$b G. Lawrence$01642517 701 $aHuefner$b Ronald J$0724349 801 0$bMiAaPQ 801 1$bMiAaPQ 801 2$bMiAaPQ 906 $aBOOK 912 $a9910815904803321 996 $aDeveloping new products and services$93987271 997 $aUNINA LEADER 02403oam 22005293u 450 001 9910563171003321 005 20241121142112.0 010 $a9783447195867$bPDF 024 7 $a10.26530/oapen_623411 035 $a(CKB)3710000001042013 035 $a(OAPEN)623411 035 $a(oapen)https://directory.doabooks.org/handle/20.500.12854/26793 035 $a(ScCtBLL)5482e8ff-b674-42ff-8055-3d303f03ee7a 035 $a(OCoLC)1163852659 035 $a(oapen)doab26793 035 $a(EXLCZ)993710000001042013 100 $a20200128d2017 uy 101 0 $aeng 135 $aurmu#---auuuu 181 $ctxt$2rdacontent 182 $cc$2rdamedia 183 $acr$2rdacarrier 200 10$aAdaptive reuse $easpects of creativity in South Asian cultural history /$fedited by Elisa Freschi and Philipp A. Maas 210 $aWiesbaden $cHarrassowitz Verlag$d2017 215 $a1 online resource (373 pages) $cillustrations 225 1 $aAbhandlungen fu?r die Kunde des Morgenlandes,$x0567-4980 ;$vBand 101 311 08$aPrint version: Adaptive reuse 9783447107075 (OCoLC)960292117 320 $aIncludes bibliographical references. 330 $aThe present volume explores a specific aspect of creativity in South Asian systems of knowledge, literature and rituals. Under the heading of ?adaptive reuse,? it discusses the relationship between innovation and perpetuation of earlier forms and contents of knowledge and aesthetic expressions within the process of creating new works. Although this relation rarely became the topic of explicit reflections in the South Asian intellectual traditions, it is here investigated by taking a closer look at the treatment of older materials by later authors. 410 0$aAbhandlungen fu?r die Kunde des Morgenlandes ;$vBd. 101. 606 $aSanskrit literature$xHistory and criticism 606 $aPhilosophy, Indic$xHistory 606 $aAppropriation (Arts) 606 $aHumanities$2bicssc 607 $aSouth Asia$xCivilization 615 0$aSanskrit literature$xHistory and criticism. 615 0$aPhilosophy, Indic$xHistory. 615 0$aAppropriation (Arts) 615 7$aHumanities 676 $a954 700 $aFreschi$b Elisa$4aut$0866812 702 $aMaas$b Philipp Andre?$4aut 801 2$bUkMaJRU 906 $aBOOK 912 $a9910563171003321 996 $aAdaptive reuse$92835783 997 $aUNINA